Mark Who? Quiz Stats

 Plays Quiz Updated Jul 18, 2019

Score 0/15 Timer 05:00
6 Plays Today
% Correct
Mark Hamill
91.9%
Mark Harmon
87%
Mark Wahlberg
84.7%
Mark Ruffalo
83.8%
Mark Addy
68.7%
Mark Williams
67.7%
Mark Rolston
57%
Mark Feuerstein
55.8%
% Correct
Mark Margolis
55.1%
Mark Consuelos
53.7%
Mark-Paul
Gosselaar
53.5%
Mark Strong
49.6%
Mark Valley
48.6%
Mark Sheppard
44.6%
Mark Pellegrino
36.3%

You're not logged in!

Compare scores with friends on all Sporcle quizzes.
OR
Log In

Sporcle TV

Today on Sporcle TV


Watch our educational content, quiz creation guides, and fun videos on Sporcle TV.

Show Comments

Extras

Top Quizzes Today


Score Distribution

Your Account Isn't Verified!

In order to create a playlist on Sporcle, you need to verify the email address you used during registration. Go to your Sporcle Settings to finish the process.

Report this User

Report this user for behavior that violates our Community Guidelines.

Details: